Sports Quiz

Random Sports or Country Quiz

NBA Top Scorers per Country Quiz Stats

 Plays Quiz Updated Apr 16, 2018

Challenge
Share
Tweet
Embed
Score 0/120 Timer 12:00
11 Plays Today
% Correct
Michael Jordan
93.3%
Dirk Nowitzki
88.2%
Kareem Abdul-Jabbar
86.7%
Pau Gasol
76.6%
Marc Gasol
76.3%
Karl Malone
73.5%
Kobe Bryant
72.7%
Wilt Chamberlain
66.4%
Yao Ming
66%
Manu Ginobili
63.2%
Hakeem Olajuwon
46.7%
Vlade Divac
40.4%
Hedo Turkoglu
35.6%
Andrew Bogut
33.5%
Andrei Kirilenko
33.3%
Peja Stojakovic
32.7%
Nene Hilario
32.4%
Drazen Petrovic
31.3%
Ricky Rubio
31.3%
Rudy Gobert
30.5%
Toni Kukoc
30.3%
Andrea Bargnani
29.1%
Leandro Barbosa
28.4%
Detlef Schrempf
27.7%
Boris Diaw
26.8%
Arvydas Sabonis
26.4%
Jose Calderon
25.7%
Dominique Wilkins
23.4%
Luis Scola
22.9%
Yi Jianlian
22.9%
Zydrunas Ilgauskas
21.5%
Goran Dragic
20.3%
Rik Smits
20.1%
Mehmet Okur
19.6%
Danilo Gallinari
19.4%
Anderson Varejao
18.3%
Ben Gordon
17.6%
Patty Mills
15.2%
Nicolas Batum
15.2%
Al Horford
14.3%
% Correct
Tito Horford
14.2%
Joe Ingles
13.8%
Marco Belinelli
13.8%
Tristan Thompson
13.7%
Tiago Splitter
13.5%
Luc Longley
11.6%
Kyrie Irving
11.5%
Andres Nocioni
11%
Wang Zhizhi
10.9%
Bojan Bogdanovic
10%
Darko Milicic
9.6%
Nikola Mirotic
9.5%
Omer Asik
9.5%
Sasha Vujacic
9.1%
Andrew Wiggins
9%
Evan Fournier
8.9%
Gorgui Dieng
8.5%
Fabricio Oberto
8.5%
Carlos Delfino
8.5%
Dino Radja
8.1%
Nikola Pekovic
8%
DeSagana Diop
7.9%
Carlos Boozer
7.8%
Timofey Mozgov
7.7%
Ersan Ilyasova
7.7%
Felipe Lopez
6.9%
Beno Udrih
6.8%
Vladimir Radmanovic
6.5%
Shawn Bradley
6.3%
Rick Fox
6.2%
Alex Len
6.1%
Linas Kleiza
6.1%
Rasho Nesterovic
6.1%
Kiki Vandeweghe
5.7%
Jamaal Magloire
5.7%
Francisco Garcia
5.5%
Mirza Teletovic
5.4%
Alexey Shved
5.4%
Sarunas Marciulionis
5.2%
Reggie Jackson
5.1%
% Correct
Kelly Olynyk
4.7%
Sasha Pavlovic
4.6%
Jonas Valanciunas
4.4%
Nenad Krstic
4.4%
Luigi Datome
3.9%
Nikola Jokic
3.8%
Wally Szczerbiak
3.6%
Vitaly Potapenko
3.5%
Michael Olowokandi
3.4%
Mouhamed Sene
3%
Marko Jaric
3%
Francisco Elson
2.8%
Semih Erden
2.7%
Jusuf Nurkic
2.7%
Primoz Brezec
2.5%
Dan Gadzuric
2.5%
Mengke Bateer
2.5%
Stanislav Medvedenko
2.5%
Joel Freeland
2.2%
Gordan Giricek
2.1%
Raul Neto
2%
Yinka Dare
2%
Sergey Karasev
2%
Viktor Khryapa
1.9%
Mamadou N'diaye
1.8%
Sasha Danilovic
1.8%
Swen Nater
1.5%
OG Anunoby
1.4%
Festus Ezeli
1.3%
Alexander Volkov
1.2%
Tom Meschery
1.1%
Predrag Drobnjak
1%
Kelenna Azubuike
0.9%
Pape Sow
0.9%
Zarko Paspalj
0.9%
Oleksiy Pecherov
0.8%
James Donaldson
0.7%
Luis Flores
0.6%
Obinna Ekezie
0.5%
Hank Beenders
0.4%

You're not logged in!

Compare scores with friends on all Sporcle quizzes.
OR
Log In

You Might Also Like...

Show Comments

Extras

Top Quizzes Today


Score Distribution

Your Account Isn't Verified!

In order to create a playlist on Sporcle, you need to verify the email address you used during registration. Go to your Sporcle Settings to finish the process.

Report this User

Report this user for behavior that violates our Community Guidelines.

Details: